Normal view
MARC view
Entry Personal Name
001 - CONTROL NUMBER
- control field: 35273
003 - CONTROL NUMBER IDENTIFIER
- control field: dpl
005 - DATE AND TIME OF LATEST TRANSACTION
- control field: 20111007104701.0
008 - FIXED-LENGTH DATA ELEMENTS
- fixed length control field: 111007|||a|||||| | ||| d
040 ## - CATALOGING SOURCE
- Original cataloging agency: dpl
- Transcribing agency: dpl
100 ## - HEADING--PERSONAL NAME
- Personal name: Sewell, Anna
670 ## - SOURCE DATA FOUND
- Source citation: Work cat.: (dpl)38059: Sewell, Anna, Black beauty /, 2009
670 ## - SOURCE DATA FOUND
- Source citation: Work cat.: (dpl)38059: Sewell, Anna, Black beauty /, 2009
